| 000 | 00752cam a22002291 4500 | ||
|---|---|---|---|
| 001 | 6228568 | ||
| 003 | OSt | ||
| 005 | 20250901165807.0 | ||
| 008 | 870610s1960 tz 000 1 swa | ||
| 010 | _a 77244998 | ||
| 035 | _a(OCoLC)15875438 | ||
| 040 |
_aDLC _cWaU _dWU _dDLC |
||
| 042 | _apremarc | ||
| 050 | 0 | 0 | _aPL 8704 .F37 2008 |
| 100 | 1 |
_aFarsy, Muhammad S. _q(Muhammad Saleh) |
|
| 245 | 1 | 0 |
_aKurwa na Doto : _bmaelezo ya makazi katika kijiji cha Unguja yaani Zanzibar. |
| 260 |
_aDar es Salaam : _bEast African Literature Bureau, _c1960. |
||
| 300 |
_a62 p. ; _c19 cm. |
||
| 500 | _aAdded t.p.: Kurwa and Doto: a novel depicting life in a typical Zanzibar village. | ||
| 906 |
_a7 _bcbc _coclcrpl _du _encip _f19 _gy-gencatlg |
||
| 942 |
_2lcc _cBK |
||
| 999 |
_c9312 _d9312 |
||